Central Library OPAC University of Rajshahi

মার্কিন কংগ্রেস ও আইনপ্রণয়ন পদ্ধতি / (Record no. 62483)

MARC details
000 -LEADER
fixed length control field 01023nam a2200241 a 4500
001 - CONTROL NUMBER
control field 62483
003 - CONTROL NUMBER IDENTIFIER
rucl marc code BD-RjUL
005 - DATE AND TIME OF LATEST TRANSACTION
control field 20211209081106.0
008 - FIXED-LENGTH DATA ELEMENTS--GENERAL INFORMATION
fixed length control field 170124s1970 bg ||||| |||| 00| 0 ben d
020 ## - INTERNATIONAL STANDARD BOOK NUMBER
Terms of availability : Tk. 3.00
035 ## - SYSTEM CONTROL NUMBER
System control number (BD-RjUL)62609
040 ## - CATALOGING SOURCE
Original cataloging agency BD-RjUL
Language of cataloging eng
Transcribing agency BD-RjUL
041 ## - LANGUAGE CODE
Language code of text/sound track or separate title eng
082 ## - DEWEY DECIMAL CLASSIFICATION NUMBER
Classification number 328.73
Author mark and year HAM 1970
100 ## - MAIN ENTRY--PERSONAL NAME
Personal name হ্যারিস, যোসেফ পি.
9 (RLIN) 185779
245 10 - TITLE STATEMENT
Title মার্কিন কংগ্রেস ও আইনপ্রণয়ন পদ্ধতি /
Statement of responsibility, etc. যোসেফ পি. হ্যারিস ; অনুবাদ : মীজানুর রহমান
260 ## - PUBLICATION, DISTRIBUTION, ETC. (IMPRINT)
Place of publication, distribution, etc. ঢাকা :
Name of publisher, distributor, etc. খোশরোজ কিতাব মহল,
Date of publication, distribution, etc. ১৯৭০
300 ## - PHYSICAL DESCRIPTION
Pagination [৬], ১৭১ পৃ. ;
Size ২৩ সেমি.
651 ## - SUBJECT ADDED ENTRY--GEOGRAPHIC NAME
Geographic name যুক্তরাষ্ট্র
General subdivision কংগ্রেস
9 (RLIN) 185780
Geographic name United States
General subdivision Congress.
9 (RLIN) 185781
700 ## - ADDED ENTRY--PERSONAL NAME
Personal name রহমান, মীজানুর, অনুবাদক
942 ## - ADDED ENTRY ELEMENTS (KOHA)
Source of classification or shelving scheme Dewey Decimal Classification
Koha item type Books
Holdings
Lost status Source of classification or shelving scheme Damaged status Not for loan Collection code Permanent Location Current Location Shelving location Date acquired Source of acquisition Total Checkouts Full call number Date last seen Copy number Koha item type
  Dewey Decimal Classification   Not For Loan Non-fiction Central Library, University of Rajshahi Central Library, University of Rajshahi Reading Room 06/12/1971 U.S.A.   B 328.73 HAM 1970 24/01/2017 C-1 Books